| 000 | 02731 a2200409 4500 | ||
|---|---|---|---|
| 001 | 60075 | ||
| 005 | 20260407155853.0 | ||
| 008 | 260407a1986 arg spa d | ||
| 003 | AR-UNSa-BCEJYS | ||
| 040 |
_aAR-UNSa-BCEJYS _bspa _cAR-UNSa-BCEJYS |
||
| 080 |
_a342.516 _xFunciones, obligaciones, prerrogativas del jefe de estado en el ejercicio del poder ejecutivo |
||
| 245 | 1 | 0 | _aAtribuciones del Presidente Argentino |
| 264 | 1 |
_aBuenos Aires : _bEdiciones Depalma _c1986 |
|
| 300 |
_axvi, 649 p. _c23 cm. |
||
| 505 | _a1. El ejecutivo presidencialista. Proceso histórico-doctrinal que lleva a su nacimiento - 2. Perfil y atribuciones del Ejecutivo en los comienzos constitucionales argentinos (1810-1817) - 3. Atribuciones del poder Ejecutivo en el Congreso Constituyente de 1824/1827 - 4. Alberdi y las atribuciones del ejecutivo - 5. Algunas consideraciones acerca de las funciones del poder - 6. Sistematización de las funciones del Ejecutivo en orden a sus atribuciones - 7. La jefatura administrativa del presidente de la Nación - 8. La facultad reglamentaria y el orden constitucional argentino - 9. Delegación legislativa e incremento de atribuciones del Ejecutivo - 10. Participación del poder ejecutivo en la formación y sanción de las leyes - 11. El Ejecutivo y el acuerdo del Senado - 12. Indulto y conmutación de penas - 13. El poder ejecutivo y el ejercicio del patronato - 14. El presidente y las sesiones del Congreso - 15. Atribuciones económicas del Poder Ejecutivo nacional según la Constitución nacional - 16. La jefatura militar- 17. El presidente y el estado de sitio - 18. Las atribuciones del Ejecutivo y los ministros - 19. La función de asesoría en el ejercicio de la presidencia de la República - 20. El método comparativo y las atribuciones del ejecutivo - 21. Sociología del Poder Ejecutivo (Esbozo de conceptualización sistemática). | ||
| 041 | _aspa | ||
| 942 | _cBK | ||
| 590 | _aniveau_biblio:m niveau_hierar:0 | ||
| 100 | 1 | _aInstituto Argentino de Estudios Constitucionales y Políticos | |
| 700 | 1 | _aPérez Guilhou, Dardo | |
| 700 | 1 | _aCalderon, Raúl Enoc | |
| 700 | 1 | _aCastorina de Tarquini, María Celia | |
| 700 | 1 | _aEgües, Carlos Alberto | |
| 700 | 1 | _aFarrando, Ismael | |
| 700 | 1 | _aGiunta, María Luisa | |
| 700 | 1 | _aLuna, Eduardo Fernando | |
| 700 | 1 | _aMartínez Peroni, José Luis | |
| 700 | 1 | _aRamella de Jefferies, Susana | |
| 700 | 1 | _aGodoy, Horacio H. | |
| 700 | 1 | _aSeghesso de López Aragón, María Cristina | |
| 700 | 1 | _aSegovia, Juan Fernando | |
| 700 | 1 | _aSeisdedos, Felipe | |
| 700 | 1 | _aPelleriti, Gustavo Adolfo | |
| 700 | 1 | _aSarmiento García, Jorge | |
| 700 | 1 | _aSoler Miralles, Julio E. | |
| 700 | 1 | _aVerstraete, Juan M. | |
| 999 |
_c6877 _d6877 |
||